000 00632cam a2200241 4500
001 M95027
008 090401t1998 xxu||||| |||| 00| 0 eng d
035 _a(Sirsi) u89664
041 _aeng
050 _a658.80969
100 _aPearce, Paul
245 _aMarketing construction.
260 _aAscot,Berks.
_bCIOB
_c1998
300 _a6p. ; 30cm.
350 _a5
490 _aConstruction Papers
_v94
650 _aCONSTRUCTION INDUSTRY
650 _aMARKETING
690 _aMANAGEMENT-BUSINESS MANAGEMENT-PROFESSIONAL PRACTICE
710 _aChartered Institute of Building
_92134
942 _n0
948 _c13/11/1998
999 _c97482
_d97482